Crónica de Enrique IV / (Record no. 14825)

MARC details
000 -LEADER
campo de control de longitud fija 00944nam a2200277 i 4500
001 - NÚMERO DE CONTROL
campo de control 14825
003 - IDENTIFICADOR DE NÚMERO DE CONTROL
campo de control ES-MaACL
005 - FECHA Y HORA DE LA ÚLTIMA TRANSACCIÓN
campo de control 20251003195624.0
007 - CAMPO FIJO DE DESCRIPCIÓN FÍSICA--INFORMACIÓN GENERAL
campo de control de longitud fija t|
008 - DATOS DE LONGITUD FIJA--INFORMACIÓN GENERAL
campo de control de longitud fija 990617s1973 sp ||||1| spa d
020 ## - NÚMERO INTERNACIONAL ESTÁNDAR DEL LIBRO
Número Internacional Estándar del Libro 84-363-0464-0
080 ## - NÚMERO DE LA CLASIFICACIÓN DECIMAL UNIVERSAL
Número de la Clasificación Decimal Universal 929 Enrique(460.18)IV
080 ## - NÚMERO DE LA CLASIFICACIÓN DECIMAL UNIVERSAL
Número de la Clasificación Decimal Universal 946.018"1454/74"
100 1# - ENTRADA PRINCIPAL--NOMBRE DE PERSONA
Nombre de persona Palencia, Alfonso de.
9 (RLIN) 88529
245 10 - MENCIÓN DEL TÍTULO
Título Crónica de Enrique IV /
Mención de responsabilidad, etc. Alonso de Palencia ; introducción de A. Paz y Melia.
260 ## - PUBLICACIÓN, DISTRIBUCIÓN, ETC.
Lugar de publicación, distribución, etc. Madrid :
Nombre del editor, distribuidor, etc. Atlas,
Fecha de publicación, distribución, etc. 1973.
300 ## - DESCRIPCIÓN FÍSICA
Extensión LXIV, 341 p. ;
Dimensiones 26 cm.
490 1# - MENCIÓN DE SERIE
Mención de serie Biblioteca de autores españoles ;
Designación de volumen o secuencia 257
600 07 - PUNTO DE ACCESO ADICIONAL DE MATERIA--NOMBRE DE PERSONA
Nombre de persona Enrique,
Numeración IV,
Títulos y otros términos asociados al nombre Rey de Castilla
Fuente del encabezamiento o término
9 (RLIN) 150161
651 04 - PUNTO DE ACCESO ADICIONAL DE MATERIA--NOMBRE GEOGRÁFICO
Nombre geográfico Castilla (Reino)-
Subdivisión general Historia-
Subdivisión cronológica 1454-1474, Enrique IV
9 (RLIN) 7991
700 1# - ENTRADA AGREGADA--NOMBRE PERSONAL
Nombre de persona Paz y Meliá, A.,
Fechas asociadas al nombre 1842-1927
9 (RLIN) 89789
830 0# - PUNTO DE ACCESO ADICIONAL DE SERIE-TÍTULO UNIFORME
Título uniforme Biblioteca de autores españoles (Atlas) ;
Designación de volumen o secuencia 257
9 (RLIN) 236321
852 ## - LOCALIZACIÓN
Ubicación ES-MaACL
Número de control de estantería J-51 vol. 257
Sublocalización o colección R.127388
942 ## - ELEMENTOS DE ENTRADA SECUNDARIOS (KOHA)
Fuente del sistema de clasificación o colocación Clasificación decimal universal
Holdings
Estatus retirado Estado de pérdida Estado de daño No para préstamo Biblioteca de origen Biblioteca actual Ubicación en estantería Fecha de adquisición Fuente de adquisición Total de préstamos Signatura topográfica completa Código de barras Visto por última vez Precio de reemplazo Tipo de ítem Koha
        Biblioteca del Ateneo de Madrid Biblioteca del Ateneo de Madrid Depósito 2 17/01/2008     J-51 vol. 257 1015076 23/02/2023 23/02/2023 Libro impreso